| 000 | 00326nam a22001337a 4500 | ||
|---|---|---|---|
| 003 | SGT | ||
| 082 | _a364,PAR | ||
| 100 | _aPARANJAPE,N.V | ||
| 245 | _aCRIMINOLOGY AND PENOLOGY WITH VICTIMOLOGY | ||
| 260 |
_aALLAHABAD _bCENTRAL LAW PUBLICATION _c2014 |
||
| 300 | _a940 | ||
| 650 | _aCRIMINOLOGY AND PENOLOGY | ||
| 942 |
_2ddc _cBK _02 |
||
| 999 |
_c9696 _d9696 |
||